Statistics for Mythical Creatures

Click here to take the quiz!

General Stats

  • This quiz has been taken 35 times
  • The average score is 9 of 16

Answer Stats

HintAnswer% Correct
Has pointy earsElf
92%
Have a horn on there headUnicorn
92%
Blow fire from their mouthDragon
88%
Half human half fishMermaid
88%
tiny with wingsFairy
84%
can turn others into stoneMedusa
80%
Half human half bullMinotaur
72%
Half bird half lionGriffin
68%
love the fall moonWerewolf
68%
Half human half deerCentaur
48%
very smallDwarf
44%
Half horse half birdPegasus
40%
Half eagle half horseHippogriff
32%
little and greenTroll
24%
live deep in in the seaSerpent
4%
carry swag aroundHafling
0%

Score Distribution

Percentile by Number Answered

Percent of People with Each Score

Your Score History

You have not taken this quiz